[Event "Niedersachsen-ch open"]
[Site "Verden"]
[Date "2010.01.05"]
[Round "5.14"]
[White "Kaiser, Gerhard"]
[Black "Pfemeter, Felix"]
[Result "1/2-1/2"]
[WhiteElo "1965"]
[BlackElo "1866"]
[PlyCount "65"]
[EventDate "2010.01.03"]
[EventType "swiss"]
[EventRounds "7"]
[EventCountry "GER"]
[SourceTitle "EXT 2012"]
[Source "ChessBase"]
[SourceDate "2011.11.24"]
[SourceVersion "1"]
[SourceVersionDate "2011.11.24"]
[SourceQuality "1"]

1. e4 d6 2. d4 Nf6 3. Nc3 g6 4. Be3 c6 5. Qd2 b5 6. Bd3 Nbd7 7. h3 Qa5 8. f4 Nb6 9. Nf3 Bb7 10. 0-0 b4 11. Ne2 c5 12. e5 Nfd5 13. exd6 exd6 14. c4 bxc3 15. Nxc3 c4 16. Be4 f5 17. Bxd5 Nxd5 18. Bf2 Kd7 19. Nxd5 Qxd5 20. b3 Rc8 21. bxc4 Rxc4 22. Qb2 Bg7 23. Rab1 Ba8 24. Qa3 a5 25. Rb6 Bxd4 26. Bxd4 Rxd4 27. Rf2 Rd1+ 28. Kh2 Rc8 29. Qb2 Re8 30. Qg7+ Re7 31. Qh8 Qc5 32. Rb8 Bxf3 33. Rd8+ 1/2-1/2

[Event "Niedersachsen-ch open"]
[Site "Verden"]
[Date "2010.01.04"]
[Round "3.41"]
[White "Knobel, Hannah Bettina"]
[Black "Pfemeter, Felix"]
[Result "0-1"]
[WhiteElo "1482"]
[BlackElo "1866"]
[PlyCount "80"]
[EventDate "2010.01.03"]
[EventType "swiss"]
[EventRounds "7"]
[EventCountry "GER"]
[SourceTitle "EXT 2012"]
[Source "ChessBase"]
[SourceDate "2011.11.24"]
[SourceVersion "1"]
[SourceVersionDate "2011.11.24"]
[SourceQuality "1"]

1. d4 Nf6 2. Nf3 g6 3. c4 Bg7 4. Nc3 d6 5. Bg5 0-0 6. e3 Nbd7 7. Be2 c6 8. Nd2 Qa5 9. Bh4 e5 10. 0-0 Re8 11. Bg3 Nf8 12. Re1 Ne6 13. Nb3 Qc7 14. Qc2 Ng5 15. Bh4 Bf5 16. Bd3 Bxd3 17. Qxd3 e4 18. Qc2 h6 19. Nd2 Qe7 20. Rad1 Qe6 21. b3 Qg4 22. Bg3 Rad8 23. h3 Qf5 24. Nf1 Ngh7 25. Bh2 g5 26. f3 Qg6 27. fxe4 g4 28. h4 Nh5 29. Ng3 Nxg3 30. Bxg3 Nf6 31. Bf4 Nxe4 32. Nxe4 Rxe4 33. Qd2 h5 34. Qa5 Rde8 35. Qxa7 g3 36. Qxb7 Qg4 37. Bg5 f6 38. Bf4 Qxh4 39. Kf1 Rxf4+ 40. exf4 Qh1# 0-1

[Event "Niedersachsen-ch open"]
[Site "Verden"]
[Date "2010.01.04"]
[Round "4.29"]
[White "Pfemeter, Felix"]
[Black "Bischoff, Norbert"]
[Result "1-0"]
[WhiteElo "1866"]
[BlackElo "1741"]
[PlyCount "49"]
[EventDate "2010.01.03"]
[EventType "swiss"]
[EventRounds "7"]
[EventCountry "GER"]
[SourceTitle "EXT 2012"]
[Source "ChessBase"]
[SourceDate "2011.11.24"]
[SourceVersion "1"]
[SourceVersionDate "2011.11.24"]
[SourceQuality "1"]

1. e4 e6 2. d4 d5 3. Nd2 Nc6 4. c3 e5 5. exd5 Qxd5 6. Nb3 exd4 7. Nxd4 Nxd4 8. cxd4 Bb4+ 9. Bd2 Bxd2+ 10. Qxd2 Nf6 11. Ne2 0-0 12. Nc3 Re8+ 13. Be2 Qa5 14. 0-0 c6 15. Bd3 Bf5 16. b4 Qxb4 17. Bxf5 Rad8 18. Rfd1 c5 19. d5 Re5 20. Rab1 Qd4 21. Qc2 Rde8 22. Bd3 Nxd5 23. Nxd5 Qxd5 24. Bxh7+ Kh8 25. f4 1-0

[Event "Niedersachsen-ch open"]
[Site "Verden"]
[Date "2010.01.03"]
[Round "1.5"]
[White "Herrmann, Andreas"]
[Black "Pfemeter, Felix"]
[Result "1-0"]
[WhiteElo "2171"]
[BlackElo "1866"]
[PlyCount "99"]
[EventDate "2010.01.03"]
[EventType "swiss"]
[EventRounds "7"]
[EventCountry "GER"]
[SourceTitle "EXT 2012"]
[Source "ChessBase"]
[SourceDate "2011.11.24"]
[SourceVersion "1"]
[SourceVersionDate "2011.11.24"]
[SourceQuality "1"]

1. d4 Nf6 2. Nf3 g6 3. c3 Bg7 4. Bf4 d6 5. Nbd2 c6 6. h3 0-0 7. e3 Nbd7 8. Bh2 b5 9. a4 bxa4 10. Qxa4 Nb6 11. Qa5 Nbd7 12. Be2 Bb7 13. 0-0 a6 14. Nc4 Qb8 15. Qa3 Qa7 16. Na5 Rfb8 17. b4 Nd5 18. c4 Nc7 19. Qa4 Nb6 20. Qa2 Bf8 21. e4 Nd7 22. Rfd1 Rc8 23. e5 d5 24. Rac1 e6 25. c5 Nb5 26. Bf4 h6 27. Qd2 Kh7 28. Nh2 f5 29. exf6 Nxf6 30. Be5 Bg7 31. Bd3 Rg8 32. Qe2 Raf8 33. Ng4 Ba8 34. Bxb5 axb5 35. Bxf6 Bxf6 36. Qxe6 Bg5 37. Rc2 Re8 38. Nf6+ Bxf6 39. Qxf6 Rgf8 40. Qd6 Qa6 41. Re2 Qc8 42. Re7+ Rxe7 43. Qxe7+ Kg8 44. Re1 Qf5 45. Qe6+ Qxe6 46. Rxe6 Kf7 47. Rd6 Rc8 48. Rd7+ Ke6 49. Rh7 h5 50. f3 1-0

[Event "Niedersachsen-ch U16"]
[Site "Rotenburg"]
[Date "2009.04.09"]
[Round "8"]
[White "Krause, Maximilian"]
[Black "Pfemeter, Felix"]
[Result "1/2-1/2"]
[WhiteElo "1545"]
[BlackElo "1871"]
[PlyCount "59"]
[EventDate "2009.04.04"]
[EventType "swiss"]
[EventRounds "9"]
[EventCountry "GER"]
[SourceTitle "EXT 2010"]
[Source "ChessBase"]
[SourceDate "2010.11.25"]
[SourceVersion "1"]
[SourceVersionDate "2010.11.25"]
[SourceQuality "1"]

1. d4 Nf6 2. c4 g6 3. Nc3 Bg7 4. e4 d6 5. Be2 0-0 6. Nf3 e5 7. 0-0 Nc6 8. d5 Ne7 9. Ne1 Nd7 10. Be3 f5 11. f3 f4 12. Bf2 Nf6 13. Nd3 g5 14. Rc1 h5 15. h3 Rf7 16. c5 Ne8 17. cxd6 cxd6 18. Qc2 Bd7 19. Qb3 Ng6 20. Rc2 Bf8 21. Rfc1 g4 22. fxg4 hxg4 23. hxg4 Qg5 24. Nb5 Bxg4 25. Bxg4 Qxg4 26. Ne1 f3 27. Rc3 Nf4 28. R1c2 Nf6 29. Rxf3 Nxe4 30. Re3 1/2-1/2

[Event "Niedersachsen-ch U16"]
[Site "Rotenburg"]
[Date "2009.04.07"]
[Round "5"]
[White "Konow, Philipp"]
[Black "Pfemeter, Felix"]
[Result "1-0"]
[WhiteElo "1856"]
[BlackElo "1871"]
[PlyCount "117"]
[EventDate "2009.04.04"]
[EventType "swiss"]
[EventRounds "9"]
[EventCountry "GER"]
[SourceTitle "EXT 2010"]
[Source "ChessBase"]
[SourceDate "2010.11.25"]
[SourceVersion "1"]
[SourceVersionDate "2010.11.25"]
[SourceQuality "1"]

1. d4 Nf6 2. c4 g6 3. Nc3 Bg7 4. e4 d6 5. f3 0-0 6. Be3 Nc6 7. Bd3 a6 8. Nge2 Rb8 9. 0-0 e5 10. d5 Ne7 11. b4 Ne8 12. Qd2 f5 13. Rab1 f4 14. Bf2 g5 15. Kh1 h5 16. c5 b6 17. a4 Ng6 18. Rfc1 g4 19. cxb6 cxb6 20. Ng1 Rf7 21. Nce2 Bf6 22. a5 b5 23. Rc6 Bb7 24. Rc3 Bg5 25. Rbc1 Qe7 26. Ba7 Ra8 27. Bb6 h4 28. h3 gxh3 29. Nxh3 Nf8 30. Neg1 Nd7 31. Bf2 Rg7 32. Bf1 Ndf6 33. Bb6 Nh5 34. Nf2 Ng3+ 35. Kh2 Bh6 36. Ngh3 Kh7 37. Be2 Qf7 38. Ng4 Bg5 39. Nxg5+ Rxg5 40. Rc7 Nxc7 41. Rxc7 Rg7 42. Rxf7 Rxf7 43. Kg1 Rc8 44. Bd3 Kg6 45. Kf2 h3 46. gxh3 Rh7 47. Kg2 Rch8 48. Qc2 Rc8 49. Qb2 Rh5 50. Bf2 Rch8 51. Bxg3 fxg3 52. f4 Rxh3 53. Qc3 Bc8 54. f5+ Kg5 55. Be2 Rh2+ 56. Nxh2 Rxh2+ 57. Kxg3 Rxe2 58. Qc1+ Kf6 59. Qxc8 1-0

[Event "Niedersachsen-ch op"]
[Site "Verden"]
[Date "2009.01.06"]
[Round "7"]
[White "Kessler, Marcel"]
[Black "Pfemeter, Felix"]
[Result "0-1"]
[WhiteElo "1823"]
[BlackElo "1842"]
[PlyCount "96"]
[EventDate "2009.01.03"]
[EventType "swiss"]
[EventRounds "7"]
[EventCountry "GER"]
[SourceTitle "EXT 2012"]
[Source "ChessBase"]
[SourceDate "2011.11.24"]
[SourceVersion "1"]
[SourceVersionDate "2011.11.24"]
[SourceQuality "1"]

1. d4 Nf6 2. Nf3 g6 3. c4 Bg7 4. Nc3 0-0 5. e3 d6 6. Be2 Nbd7 7. 0-0 e5 8. b3 e4 9. Nd2 Re8 10. Bb2 Nf8 11. Qc2 Bf5 12. h3 h5 13. Rac1 N8h7 14. Kh2 Ng5 15. Rfd1 h4 16. Bf1 Nh5 17. g4 hxg3+ 18. fxg3 Nf6 19. Bg2 Qd7 20. Rh1 Bxh3 21. Rce1 Ng4+ 22. Kg1 Bxg2 23. Kxg2 f5 24. Nd5 Kf7 25. c5 c6 26. Nf4 d5 27. Bc1 Rh8 28. Nb1 Nf3 29. Ref1 Ngh2 30. Rd1 g5 31. Nh3 Kf6 32. Nf2 Rh6 33. Nc3 Rah8 34. Ne2 Bf8 35. Qb1 Qh7 36. Bb2 Be7 37. b4 Bd8 38. a4 a6 39. Ba3 Bc7 40. b5 axb5 41. axb5 Rh5 42. Qc1 Rh3 43. bxc6 bxc6 44. Bb4 Qh5 45. Bc3 Ne1+ 46. Rhxe1 Qf3+ 47. Kg1 Rxg3+ 48. Nxg3 Qxg3+ 0-1

[Event "Niedersachsen-ch op"]
[Site "Verden"]
[Date "2009.01.04"]
[Round "4"]
[White "Pfemeter, Felix"]
[Black "Gruender, Michael"]
[Result "1/2-1/2"]
[WhiteElo "1842"]
[BlackElo "2031"]
[PlyCount "28"]
[EventDate "2009.01.03"]
[EventType "swiss"]
[EventRounds "7"]
[EventCountry "GER"]
[SourceTitle "EXT 2012"]
[Source "ChessBase"]
[SourceDate "2011.11.24"]
[SourceVersion "1"]
[SourceVersionDate "2011.11.24"]
[SourceQuality "1"]

1. e4 c5 2. c3 Qa5 3. g3 Nc6 4. Bg2 g6 5. Ne2 Bg7 6. 0-0 c4 7. f4 Nf6 8. d3 cxd3 9. Qxd3 d6 10. Nd4 0-0 11. b4 Qc7 12. h3 Nd7 13. Be3 a5 14. b5 Nc5 1/2-1/2

[Event "Niedersachsen-ch op"]
[Site "Verden"]
[Date "2007.01.05"]
[Round "6"]
[White "Pfemeter, Felix"]
[Black "Palmer, Harald"]
[Result "1/2-1/2"]
[WhiteElo "1293"]
[BlackElo "1769"]
[PlyCount "39"]
[EventDate "2007.01.04"]
[EventType "swiss"]
[EventRounds "7"]
[EventCountry "GER"]
[SourceTitle "EXT 2021"]
[Source "ChessBase"]
[SourceDate "2020.10.23"]
[SourceVersion "1"]
[SourceVersionDate "2020.10.23"]
[SourceQuality "1"]

1. e4 d5 2. e5 Bf5 3. c3 Nc6 4. d4 e6 5. Bd3 Nge7 6. Bg5 Qd7 7. Nf3 Bxd3 8. Qxd3 Ng6 9. Nbd2 Be7 10. 0-0 h6 11. Be3 0-0-0 12. b4 Nh4 13. a4 Nxf3+ 14. Nxf3 g5 15. Rfc1 g4 16. Nd2 f6 17. exf6 Bxf6 18. a5 Qg7 19. b5 Nb8 20. Nb3 1/2-1/2

[Event "Niedersachsen-ch op"]
[Site "Verden"]
[Date "2007.01.05"]
[Round "5"]
[White "Wolter, Kerstin"]
[Black "Pfemeter, Felix"]
[Result "0-1"]
[WhiteElo "1612"]
[BlackElo "1293"]
[PlyCount "76"]
[EventDate "2007.01.04"]
[EventType "swiss"]
[EventRounds "7"]
[EventCountry "GER"]
[SourceTitle "EXT 2021"]
[Source "ChessBase"]
[SourceDate "2020.10.23"]
[SourceVersion "1"]
[SourceVersionDate "2020.10.23"]
[SourceQuality "1"]

1. e4 e6 2. d4 d5 3. Nc3 Bb4 4. e5 c5 5. a3 Bxc3+ 6. bxc3 c4 7. Qg4 g6 8. Be2 Nc6 9. Nf3 Qa5 10. Bd2 Bd7 11. 0-0 0-0-0 12. Ng5 Rf8 13. Qf4 Kb8 14. Bg4 Nge7 15. Qe3 h6 16. Nh3 g5 17. f4 h5 18. Be2 g4 19. Ng5 Nf5 20. Qf2 Ncxd4 21. cxd4 Qxd2 22. Rfd1 Qxc2 23. Qe1 Qa4 24. Qc3 Bc6 25. Rdb1 Ne7 26. Rb4 Qa6 27. Rab1 Nc8 28. Bd1 Nb6 29. Bc2 Na8 30. Qb2 b6 31. Qc3 Nc7 32. a4 Ka8 33. Ra1 Qa5 34. Rab1 Na6 35. Qa3 Nxb4 36. Rxb4 b5 37. Rb1 bxa4 38. Qd6 Rc8 0-1